Rozpoznaj miejsce w Suwałkach po zdjęciu - Statystyki

Ogólne statystyki
  • Ten quiz został rozwiązany 77 razy
  • Średni wynik to 9 z 12
Statystyki odpowiedzi
Obrazkowy Odpowiedź % Poprawnych
Aquapark
97%
Suwałki Plaza
94%
Kaczy Dołek
91%
Szpital Wojewódzki
91%
Ratusz
87%
Komenda Policji
84%
Plac im. Marii Konopnickiej
84%
Zalew Arkadia
75%
Suwałki Arena
74%
Szkoła Podstawowa nr 5
59%
Osiedle Sobola Biel
57%
Cmentarz Żołnierzy Radzieckich
21%
Nie znaleziono quizów pasujących do podanych kryteriów
Rozkład punktacji
Procent ludzi z każdym wynikiem
Percentyl według liczby udzielonych odpowiedzi
Twoja historia wyników
Nie rozwiązałeś tego quizu